|
|
|
|
| LEADER |
000000am a2200000 a 4500 |
| 001 |
250265 |
| 003 |
Ucuenca |
| 005 |
20230308174219.0 |
| 008 |
991012|1982 ||||||||r|||||||||||spa|| |
| 020 |
|
|
|a 8470315021
|
| 040 |
|
|
|b spa
|
| 041 |
0 |
|
|a spa
|
| 082 |
0 |
|
|a 752
|
| 100 |
1 |
|
|a Varley, Helen
|9 74685
|
| 245 |
1 |
1 |
|a El Gran libro del color
|c Helen Varley
|h imp
|
| 264 |
|
|
|a Barcelona
|b Blume
|c 1982
|
| 300 |
|
|
|a 256 páginas:
|b ilu
|c 31 cm
|
| 520 |
3 |
|
|a Esta obra contiene: la naturaleza del color, el progreso del color, modas en color, el color en acción, el potencial del color, la paleta de los colores.
|
| 650 |
1 |
|
|a Color
|9 33486
|
| 650 |
1 |
|
|a Paleta de colores
|9 74686
|
| 852 |
|
|
|a UC-YANUNCAY
|c est_abierta
|f Compra
|k jterreros
|l 1
|m General
|p 1991-01-25
|q 5.00
|t 250265
|b 0
|d CDRY
|e CDRY
|g 752
|z 1991-10-12
|
| 942 |
|
|
|c BK
|
| 999 |
|
|
|c 45705
|d 45705
|